000
00293nam a22001337a 4500
008
181008b xxu||||| |||| 00| 0 eng d
020
_a
9781416035329
041
_a
eng
080
_a
616-053
100
_a
8
101
_a
PED
245
_a
Neuroimaging Clinics
_c
Castillo,M
942
_2
udc
_c
BK
999
_c
48983
_d
48983